01995nab a22002657a 4500003000400000005001700004008004100021040000700062100002500069245012700094260007300221300001200294500004200306505098000348505009001328650002301418650001501441650002901456650002401485650002501509650002101534650001401555650002001569773014001589OSt20250312092152.0190604e xxu||||| |||| 00| 0 spa d cPJ aGaray, Oscar Ernesto10aNecesidad de una Ley de calidad en la atención de la salud y de seguridad de los y las pacientes /cOscar Ernesto Garay. aCiudad Autónoma de Buenos Aires :bThomson Reuters La Ley, c2024. ap. 3-48 aCita Online: TR LALEY AR/DOC/1530/24. aSumario: I. Introducción.— II. La finalidad de alcanzar la calidad y la seguridad en la atención sanitaria.— III. Marco normativo para la calidad en salud y la seguridad del/de la paciente.— IV. Ética y bioética. Antecedentes acerca de la calidad en la atención de la salud y sobre la seguridad del / de la paciente. Políticas de la OMS/OPS.— V. Planteando objetivos en post de la calidad y seguridad en salud.— VI. Filosofía de la ley. Principios.— VII. Calidad de la atención sanitaria.— VIII. Seguridad de la atención sanitaria. Seguridad de pacientes.— IX. Ámbito de aplicación de la "Ley Nicolás".— X. El equipo de salud.— XI. De las instituciones prestadoras del servicio de salud.— XII. De los registros.— XIII. Acerca de la notificación de eventos adversos.— XIV. La creación del Registro Unificado de Eventos Centinela (RUDEC).— XV. La autoridad de aplicación de la "Ley Nicolás". Funciones.— XVI. Final. t¿Te interesa el texto completo? Solicitalo al correo: koha@justierradelfuego.gov.ar  0aDERECHO A LA SALUD 0aBIOÉTICA 0aCODIGO CIVIL Y COMERCIAL 0aASISTENCIA MÉDICA 0aTRATAMIENTO MÉDICO 0aDERECHOS HUMANOS 0aMÉDICOS 0aPROYECTO DE LEY0 02714dCiudad Autónoma de Buenos Aires : Thomson Reuters La Ley, 2014-tRevista anales de legislación argentina. Nº 7 - Julio 2024.